00438nam a2200121 a 4500008004100000050001500041110005500056245007600111260003500187300001300222350000900235500007200244070514s2006 ||||||||||||||||| || u aUN-ESC(02) aUnited Nations Economic and Social Council (UNESC)10aReport on the forty-fourth session (18 February 2005 and 22 March 2006) aNew YorkbUNITED NATIONSc2006 aiv, 29p. a0.00 aEconomic and Social Council Official Records, 2006.Supplement no. 6